=LDR 00000nam 2200000 4500 =001 INLIS000000000009556 =005 20130612101338 =008 ***********************************Ind** =035 ##$$0010-061300000009556 =041 ##$$a Ind =082 ##$$a 2x0.000 7 =090 ##$$a 2x0.000 7, Wah p =100 ##$$a Wahid, Achmadi =245 ##$$a Pendidikan Agama Islam kls 3, Drs.Achmadi Wahid =260 ##$$a 2000 $b Solo =300 ##$$a v, 193 hlm, 21 cm =650 ##$$a Islam -Studi dan Pengajaran =850 ##$$a NBPNMAT